|
|
|
|
| LEADER |
00000nam1a2200000 4500 |
| 001 |
343234 |
| 005 |
20231101034038.0 |
| 035 |
|
|
|a (RuTPU)RU\TPU\book\373107
|
| 090 |
|
|
|a 343234
|
| 100 |
|
|
|a 20190718d1982 km y0rusy50 ca
|
| 101 |
0 |
|
|a rus
|
| 102 |
|
|
|a RU
|
| 200 |
1 |
|
|a Вычислительные методы линейной алгебры. Набор матриц для тестирования
|e в 3 ч.
|f В. Н. Фаддеева, Л. Ю. Колотилина
|g Академия наук СССР (АН СССР), Математический институт им. В. А. Стеклова (МИАН) ; под ред. В. В. Воеводина
|
| 210 |
|
|
|a Ленинград
|c Изд-во Математического ин-та АН СССР
|d 1982
|
| 225 |
1 |
|
|a Материалы по математическому обеспечению ЭВМ
|
| 700 |
|
1 |
|a Фаддеева
|b В. Н.
|g Вера Николаевна
|
| 701 |
|
1 |
|a Колотилина
|b Л. Ю.
|g Лилия Юрьевна
|
| 702 |
|
1 |
|a Воеводин
|b В. В.
|g Валентин Васильевич
|4 340
|
| 712 |
0 |
2 |
|a Академия наук СССР (АН СССР)
|b Математический институт им. В. А. Стеклова (МИАН)
|2 stltpush
|3 (RuTPU)RU\TPU\col\11336
|
| 801 |
|
1 |
|a RU
|b 63413507
|c 20190718
|
| 801 |
|
2 |
|a RU
|b 63413507
|c 20190909
|g RCR
|
| 942 |
|
|
|c BK
|